000 00423nam a22001697a 4500
003 CEME
005 20210628202246.0
008 210301b xxu||||| |||| 00| 0 eng d
040 _c.
082 _a297 ISL
100 _aLt.Gen, Abdul Qayoom
_959043
245 _aIslam in perspective
260 _aCHAKWAL
_bISLAMIC PUBLICATIONS
_c2000
300 _aXXII,452P
650 _aISLAMIC TEACHINGS.
_959044
942 _cBK
_2ddc
999 _c569107
_d569107